América Latina: las comunicaciones cara al 2000 /
Guardado en:
| Andre forfattere: | |
|---|---|
| Format: | Bog |
| Sprog: | Spanish |
| Udgivet: |
Lima, Perú
Instituto para América Latina, IPAL ; World Association for Christian Communication
1991
|
| Udgivelse: | 1 era. edición |
| Fag: | |
| Tags: |
Tilføj Tag
Ingen Tags, Vær først til at tagge denne postø!
|
MARC
| LEADER | 00000nam a22000007a 4500 | ||
|---|---|---|---|
| 003 | cru CIDCACS/IIS | ||
| 005 | 20180723125620.0 | ||
| 008 | 180525b ||||| |||| 00| 0 spa d | ||
| 999 | |c 41472 |d 41472 | ||
| 040 | |c cru CIDCACS/IIS | ||
| 090 | |a 08.16.01 G615a | ||
| 100 | 1 | |9 6452 |a Goicochea, Pedro |e Editor | |
| 245 | 1 | 0 | |a América Latina: |b las comunicaciones cara al 2000 / |c Editor Pedro Goicoechea; diseño de la carátula Francisco Sánchez; producción gráfica Carlos Valenzuela |
| 250 | |a 1 era. edición | ||
| 260 | |a Lima, Perú |b Instituto para América Latina, IPAL ; |b World Association for Christian Communication |c 1991 | ||
| 300 | |a 151 páginas | ||
| 500 | |a Colección Alforja | ||
| 650 | 1 | 7 | |9 196 |a COMUNICACION |
| 650 | 1 | 7 | |9 129 |a NEOLIBERALISMO |
| 650 | 1 | 0 | |a NUEVO ORDEN INTERNACIONAL DE LA INFORMACION Y LA COMUNICACION, NOIIC |9 7279 |
| 650 | 1 | 7 | |9 1849 |a DEMOCRATIZACION |
| 650 | 0 | |9 4504 |a DECLARACIONES | |
| 942 | |2 ddc |c LI | ||
